<?xml version="1.0" encoding="UTF-8"?><?xml-stylesheet type="text/xsl" href="static/style.xsl"?><OAI-PMH xmlns="http://www.openarchives.org/OAI/2.0/" xmlns:xsi="http://www.w3.org/2001/XMLSchema-instance" xsi:schemaLocation="http://www.openarchives.org/OAI/2.0/ http://www.openarchives.org/OAI/2.0/OAI-PMH.xsd"><responseDate>2026-05-15T08:49:39Z</responseDate><request verb="GetRecord" identifier="oai:riubu.ubu.es:10259/6830" metadataPrefix="marc">https://riubu.ubu.es/oai/request</request><GetRecord><record><header><identifier>oai:riubu.ubu.es:10259/6830</identifier><datestamp>2024-05-13T10:19:20Z</datestamp><setSpec>com_10259_4596</setSpec><setSpec>com_10259.4_2574</setSpec><setSpec>com_10259.4_106</setSpec><setSpec>com_10259_2604</setSpec><setSpec>col_10259_6829</setSpec></header><metadata><record xmlns="http://www.loc.gov/MARC21/slim" xmlns:doc="http://www.lyncode.com/xoai" xmlns:xsi="http://www.w3.org/2001/XMLSchema-instance" xmlns:dcterms="http://purl.org/dc/terms/" xsi:schemaLocation="http://www.loc.gov/MARC21/slim http://www.loc.gov/standards/marcxml/schema/MARC21slim.xsd">
<leader>00925njm 22002777a 4500</leader>
<datafield tag="042" ind1=" " ind2=" ">
<subfield code="a">dc</subfield>
</datafield>
<datafield tag="720" ind1=" " ind2=" ">
<subfield code="a">Calderón Monge, Esther</subfield>
<subfield code="e">author</subfield>
</datafield>
<datafield tag="260" ind1=" " ind2=" ">
<subfield code="c">2018</subfield>
</datafield>
<datafield tag="520" ind1=" " ind2=" ">
<subfield code="a">Franchising is a form of entrepreneurship in which the franchisor identifies and exploits market opportunities and takes risks by starting businesses within the franchise. The franchise is governed by a contractual relationship between the franchisor (entrepreneur) and franchisee. Franchisees are responsible for spreading the franchisor’s business idea throughout the market. This chapter describes the franchisor’s and franchisee’s personality traits, which act as determinants of the success of the business idea. Knowledge of the franchisor’s personality traits helps potential franchisees select franchise brands with which to establish formal contractual relationships. Similarly, knowledge of franchisees’ personality traits helps franchisors select suitable candidates, preventing the agency relationship between franchisor and franchisee from being violated and safeguarding against opportunistic behaviour. The chapter offers a review of research discussing the applications of psychology to franchising as a form of entrepreneurship and thus identifies the main psychological traits required of franchisors and franchisees to ensure franchise success.</subfield>
</datafield>
<datafield tag="024" ind2=" " ind1="8">
<subfield code="a">978-3-319-62454-9</subfield>
</datafield>
<datafield tag="024" ind2=" " ind1="8">
<subfield code="a">http://hdl.handle.net/10259/6830</subfield>
</datafield>
<datafield tag="024" ind2=" " ind1="8">
<subfield code="a">10.1007/978-3-319-62455-6_13</subfield>
</datafield>
<datafield ind1=" " ind2=" " tag="653">
<subfield code="a">Franchise</subfield>
</datafield>
<datafield ind1=" " ind2=" " tag="653">
<subfield code="a">Personality traits</subfield>
</datafield>
<datafield ind1=" " ind2=" " tag="653">
<subfield code="a">Opportunistic behaviour</subfield>
</datafield>
<datafield tag="245" ind1="0" ind2="0">
<subfield code="a">Personality Traits of the Partners and Performance in the Franchise Agreement</subfield>
</datafield>
</record></metadata></record></GetRecord></OAI-PMH>